000 00255nam a2200109Ia 4500
008 190912s9999||||xx |||||||||||||| ||und||
100 _a Hodgson Burnett
245 2 _aA little Princess
260 _aLondon
_bMcGraw-Hill
_c1996
300 _a256
942 _cBK
999 _c7804
_d7804